000 00349nam a2200157Ia 4500
008 100204s9999 xx 000 0 und d
082 _b23817
100 _aपंडित नलिनी
245 _aगाधी
250 _a0
260 _c1997
300 _a272
630 _aगाधी
730 _aगाधी
942 _cBOOK
999 _c468754
_d468751